Skoki narciarskie - quiz wiedzy ogólnej #2 - Statystyki

Ogólne statystyki
  • Ten quiz został rozwiązany 168 razy
  • Średni wynik to 4 z 5
Statystyki odpowiedzi
Zagadnienie Odpowiedź % Poprawnych
Kto w tym sezonie jest trenerem kadry Niemiec? Stefan Horngacher
95%
Z jakiego kraju pochodzi Hektor Kapustik? Słowacja
94%
W którym kraju znajduje się skocznia ,,Holmenkollen"? Norwegia
85%
Jaka reprezentacja wygrała konkurs drużynowy na Mistrzostwach świata w lotach w 2026? Japonia
82%
Kto wygrał kryształową kulę w sezonie 22/23? Halvor Egner Granerud
76%
Nie znaleziono quizów pasujących do podanych kryteriów
Rozkład punktacji
Procent ludzi z każdym wynikiem
Percentyl według liczby udzielonych odpowiedzi
Twoja historia wyników
Nie rozwiązałeś tego quizu